សិក្សាអំពីឡដឺលប្រើប្រាស់អុស នៅព្រះរាជាណាចក្រកម្ពុជា (Record no. 3088)

000 -LEADER
fixed length control field 00541nam a22001577a 4500
003 - CONTROL NUMBER IDENTIFIER
control field OSt
005 - DATE AND TIME OF LATEST TRANSACTION
control field 20151104091708.0
008 - FIXED-LENGTH DATA ELEMENTS--GENERAL INFORMATION
fixed length control field 151104b xxu||||| |||| 00| 0 eng d
040 ## - CATALOGING SOURCE
Transcribing agency RUA
082 ## - DEWEY DECIMAL CLASSIFICATION NUMBER
Classification number FOR សួស 1995 B121 Or.1
100 ## - MAIN ENTRY--PERSONAL NAME
9 (RLIN) 3310
Personal name សួស សុផាន់និត
245 ## - TITLE STATEMENT
Title សិក្សាអំពីឡដឺលប្រើប្រាស់អុស នៅព្រះរាជាណាចក្រកម្ពុជា
260 ## - PUBLICATION, DISTRIBUTION, ETC. (IMPRINT)
Place of publication, distribution, etc. Phnom Penh
Name of publisher, distributor, etc. RUA
Date of publication, distribution, etc. 1995
300 ## - PHYSICAL DESCRIPTION
Extent 70p.
Other physical details ill.
Dimensions 29cm.
942 ## - ADDED ENTRY ELEMENTS (KOHA)
Source of classification or shelving scheme
Koha item type FOR
Holdings
Price effective from Date last seen Permanent Location Not for loan Date acquired Source of classification or shelving scheme Koha item type Barcode Lost status Damaged status Shelving location Withdrawn status Current Location Full call number
2015-11-042015-11-04Library Block B 2015-11-04 FORRUA027869  B121 Library Block BFOR សួស 1995 B121 Or.1
2015-11-042015-11-04Library Block B 2015-11-04 FORRUA027941  B121 Library Block BFOR សួស 1995 B121 Or.2
2015-11-042015-11-04Library Block B 2015-11-04 FORRUA027797  B121 Library Block BFOR សួស 1995 B121 Or.3
2015-11-042015-11-04Library Block B 2015-11-04 FORRUA027515  B121 Library Block BFOR សួស 1995 B121 Or.4
មជ្ឈមណ្ឌលឯការនៃសាកលវិទ្យាល័យភូមិន្ទកសិកម្មចំការដូង

Powered by Koha